| 000 | 00908cam a2200325 4500500 | ||
|---|---|---|---|
| 005 | 20260329005350.0 | ||
| 041 | _afre | ||
| 042 | _adc | ||
| 100 | 1 | 0 |
_aEnjalbert, Cédric _eauthor |
| 245 | 0 | 0 | _aSebastian Dieguez-Nancy Murzilli : frictions et réalité |
| 260 | _c2023. | ||
| 500 | _a14 | ||
| 690 | _aComplotisme | ||
| 690 | _aConspirationnisme | ||
| 690 | _aDoute | ||
| 690 | _aFiction | ||
| 690 | _aHistoire | ||
| 690 | _aMorale | ||
| 690 | _aNancy Murzilli | ||
| 690 | _aParanoïa | ||
| 690 | _aPost-vérité | ||
| 690 | _aPostvérité | ||
| 690 | _aRécit | ||
| 690 | _arelativisme | ||
| 690 | _aSebastian Dieguez | ||
| 690 | _aThéorie du complot | ||
| 690 | _aVérité | ||
| 786 | 0 | _nPhilosophie magazine | 169 | 5 | 2023-05-01 | p. 31-32 | 1951-1787 | |
| 856 | 4 | 1 | _uhttps://shs.cairn.info/magazine-philosophie-magazine-2023-5-page-31?lang=fr&redirect-ssocas=7080 |
| 999 |
_c1842710 _d1842710 |
||